000 01218cam a2200337 4500
001 bimo0001886529
003 DO-SdBPM
005 20260518092724.0
007 ta
008 031009s2001 mx | ||| ||spa
020 _a9701028201
040 _aDO-SdBPM
_bspa
_cBPMSU
_erda
_drda
082 4 _a616.0757
_bS235v 2001
_222
100 1 _aSantin, Guillermo
_eautor
_4aut.
_d
_0
245 1 0 _aVademecum radiológico :
_blo que importa en la clínica médica general /
_c Guillermo Santín.
_h
264 _aMéxico :
_bMcGraw Hill Interamericana
_c2001.
300 _a125 páginas ;
_c27 cm
336 _atexto
_btxt
_2rdacontent
337 _asin mediación
_bn
_2rdamedia
338 _asin mediación
_bnc
_2rdacarrier
500 _aIncluye índice
505 0 _aConceptos fundamentales en radiología -- Procedimeintos radiológicos --Radiología en imagenología clinicas por áreas .
590 _aInventariado, 2026/VM
590 _6Inventariado, 2026/VM
650 7 _aCuerpo humano
_xRadiografías.
_v
_2
650 7 _a Radiología.
650 4 _aExámenes médicos.
650 4 _aEnfermedades
_vPreguntas y respuestas.
910 _aVMateo V. Control de calidad. BPMSU
942 _2ddc
_cBK
999 _c15848
_d15848